header

Redesigning Achilles (Record no. 12786)

MARC details
000 -LEADER
fixed length control field 01576nam a2200361Ia 4500
100 1# - MAIN ENTRY--AUTHOR NAME
Personal name Papaioannou, Sophia.
245 10 - TITLE STATEMENT
Title Redesigning Achilles
260 ## - PUBLICATION, DISTRIBUTION, ETC. (IMPRINT)
Place of publication Berlin :
Name of publisher Walter De Gruyter,
Year of publication c2007.
300 ## - PHYSICAL DESCRIPTION
Number of Pages xii, 304 p.
490 1# - SERIES STATEMENT
Series statement Untersuchungen zur antiken Literatur und Geschichte ;
650 #0 - SUBJECT ADDED ENTRY--TOPICAL TERM
Topical Term Achilles (Greek mythology) in literature.
Topical Term Trojan War
Topical Term Epic poetry, Greek
Topical Term Epic poetry, Latin
856 40 - ELECTRONIC LOCATION AND ACCESS
Uniform Resource Identifier http://site.ebrary.com/lib/rucke/Doc?id=10256418

No items available.

© 2026 Rongo University
Contact us: librarian | system librarian | Rongo university